000 00416nam a2200193Ia 4500
005 20240823041130.0
008 240823s9999||||xx |||||||||||||| ||und||
020 _a978-81-8357-539-3
041 _aENGLISH
082 _A823.5
100 _aSen S.
245 0 _aTom Jones
250 _alatest
260 _bUnique Publica
500 _aYES
650 _aTom Jones
_bGeneral
942 _cBK
999 _c204766
_d204766